[Event "SUI-ch U16"]
[Site "Belp"]
[Date "2014.06.06"]
[Round "2"]
[White "Huynh, Yann"]
[Black "Aegler, Timon"]
[Result "0-1"]
[WhiteElo "1850"]
[BlackElo "1706"]
[PlyCount "72"]
[EventDate "2014.06.06"]
[EventType "swiss"]
[EventRounds "7"]
[EventCountry "SUI"]
[SourceTitle "EXT 2015"]
[Source "ChessBase"]
[SourceDate "2014.11.20"]
[SourceVersion "1"]
[SourceVersionDate "2014.11.20"]
[SourceQuality "1"]

1. e4 e5 2. Nf3 Nc6 3. Bb5 a6 4. Ba4 Nf6 5. 0-0 Be7 6. Re1 b5 7. Bb3 0-0 8. c3 d5 9. exd5 Nxd5 10. Nxe5 Nxe5 11. Rxe5 c6 12. d3 Bd6 13. Re1 Qh4 14. g3 Qh3 15. Re4 Nf6 16. Rh4 Qf5 17. Bf4 Be7 18. Qd2 Ng4 19. h3 Bxh4 20. hxg4 Qxg4 21. Bd1 Qg6 22. d4 Bf5 23. Na3 Rfe8 24. Bf3 Re7 25. Kh2 Bf6 26. Bxc6 Qh5+ 27. Kg1 Rc8 28. Bg2 Re2 29. Qd1 Rce8 30. Bc6 R8e7 31. Be3 Bg4 32. Qc1 Bf3 33. Bxf3 Qxf3 34. Nc2 Bg5 35. Ne1 Qf5 36. Qd1 R7xe3 0-1

[Event "SUI-ch U12"]
[Site "Belp"]
[Date "2010.07.02"]
[Round "3"]
[White "Aegler, Timon"]
[Black "Rychener, Lukas"]
[Result "0-1"]
[WhiteElo "1538"]
[BlackElo "1559"]
[PlyCount "62"]
[EventDate "2010.06.29"]
[EventType "swiss"]
[EventRounds "7"]
[EventCountry "SUI"]
[SourceTitle "EXT 2012"]
[Source "ChessBase"]
[SourceDate "2011.11.24"]
[SourceVersion "1"]
[SourceVersionDate "2011.11.24"]
[SourceQuality "1"]

1. e4 d5 2. exd5 Nf6 3. c4 e6 4. dxe6 Bxe6 5. Nf3 Qe7 6. Qe2 g6 7. g3 Nc6 8. d4 Nb4 9. a3 Na6 10. d5 Bg4 11. Qxe7+ Bxe7 12. Bg2 Nc5 13. 0-0 0-0-0 14. Re1 Rhe8 15. Ne5 Bd6 16. f4 Nfd7 17. Rf1 Nxe5 18. fxe5 Rxe5 19. Rxf7 Nb3 20. Bf4 Re1+ 21. Kf2 Re2+ 22. Kf1 Nxa1 23. Bh3 Rxb2 24. Bxg4+ Kb8 25. Nd2 Bxf4 26. gxf4 Rxd2 27. Rxh7 a6 28. Rg7 Re8 29. Rxg6 Nc2 30. Be6 Ka7 31. h4 Rh8 0-1